logo

Bir Sreshtho Munshi Abdur Rouf Library
Jhenaidah Cadet College

নূরের পর্বত থেকে সবুজ গম্বুজ / (Record no. 12346)

MARC details
000 -LEADER
fixed length control field 00904nam a2200241 a 4500
001 - CONTROL NUMBER
JCCL Control Number 12346
003 - CONTROL NUMBER IDENTIFIER
JCCL marc code BD-JhCC
005 - DATE AND TIME OF LATEST TRANSACTION
control field 20211102103340.0
008 - FIXED-LENGTH DATA ELEMENTS--GENERAL INFORMATION
fixed length control field 211102b2018 bg |||| ||a| 000 0 Ben d
020 ## - INTERNATIONAL STANDARD BOOK NUMBER
International Standard Book Number 9789849322061
035 ## - SYSTEM CONTROL NUMBER
system control number (BD-JhCC)12346
040 ## - CATALOGING SOURCE
Original cataloging agency BD-JhCC
Modifying agency BD-JhCC
041 ## - LANGUAGE CODE
Language code of Book Bengali
082 ## - DEWEY DECIMAL CLASSIFICATION NUMBER
Classification number 297.63
Author mark and Year ADR 2018
100 ## - MAIN ENTRY--PERSONAL NAME
Personal name আদরবী, মাওলানা আসীর
245 ## - TITLE STATEMENT
Title নূরের পর্বত থেকে সবুজ গম্বুজ /
Statement of responsibility, etc মাওলানা আসীর আদরবী, অনু: মুহাম্মদ যাইনুল আবিদীন ।
260 ## - PUBLICATION, DISTRIBUTION, ETC. (IMPRINT)
Place of publication, distribution, etc ঢাকা:
Name of publisher, distributor, etc রাহনুমা প্রকাশনী;
Date of publication, distribution, etc ২০১৮.
300 ## - PHYSICAL DESCRIPTION
Pagination 462 p. :
Dimensions 22 cm.
650 ## - SUBJECT ADDED ENTRY--TOPICAL TERM
Topical term or geographic name as entry element Muhammad, prophet
700 ## - ADDED ENTRY--PERSONAL NAME
Personal name আবিদীন,মুহাম্মদ যাইনুল
942 ## - ADDED ENTRY ELEMENTS (KOHA)
Source of classification or shelving scheme Dewey Decimal Classification
Koha item type Books
Holdings
Source of classification or shelving scheme Damaged status Not for loan Home library Current library Shelving location Date of accession Cost, normal purchase price Total Checkouts Full call number Barcode Date last seen Copy number Koha item type
Dewey Decimal Classification     JCC Rouf Library JCC Rouf Library General Stacks 07/12/2020 315.00   297.63 ADR 2018 16973 11/02/2021 C-1 Books

JCC Library | Contacts | JCC Home

Last Update on 23 September 2017
Copyright @ 2017-2020 JCC Rouf Library
Rouf Library, Jhenidah Cadet College (JCC), Bangladesh